| 000 | 00359nam a2200157Ia 4500 | ||
|---|---|---|---|
| 100 | _aDabreo/Desmond A | ||
| 650 | _aPhilosophy | ||
| 942 | _cBK | ||
| 366 | _f25 | ||
| 654 | _adiscussions | ||
| 245 | _aGroup Discussions and Team Building | ||
| 260 |
_bBetter Yourself Books _aBandra _c1991 |
||
| 082 |
_a170/DAB _bDAB |
||
| 300 | _a181 | ||
| 546 | _aENGLISH | ||
| 999 |
_c23336 _d23336 |
||